Туристские формальности: учебник

Podrobná bibliografie
Hlavní autor: Бгатов А. П. Андрей Петрович
Shrnutí:В учебнике определяется статус туристских формальностей и их роль в организации туристического бизнеса; разграничиваются туристские формальности туриста и туристической фирмы; представлены основные юридические и нормативные параметры, формирующие зону действия тех или иных формальностей. В книге подробно рассмотрены формальности, связанные с ответственностью турфирм перед клиентом (паспортные, визовые, валютные, таможенные). Отдельно освещены медико-санитарные правила, а также некоторые вопросы, связанные с провозом представителей флоры и фауны. Даны подробные характеристики туристских формальностей ряда стран. Для студентов вузов, может быть также рекомендован учащимся средних специальных учебных заведений, практическим работникам туристических фирм.
Jazyk:ruština
Vydáno: Москва, Aкадемия, 2011
Edice:Высшее профессиональное образование. Туризм
Témata:
Médium: Kniha
KOHA link:https://koha.lib.tpu.ru/cgi-bin/koha/opac-detail.pl?biblionumber=200017

MARC

LEADER 00000nam0a2200000 4500
001 200017
005 20231101224927.0
010 |a 9785769568374 
035 |a (RuTPU)RU\TPU\book\218076 
035 |a RU\TPU\book\112731 
035 |a RU\TPU\book\139763 
090 |a 200017 
100 |a 20080121d2011 m y0rusy50 ca 
101 0 |a rus 
102 |a RU 
105 |a y j 001zy 
200 1 |a Туристские формальности  |e учебник  |f А. П. Бгатов 
210 |a Москва  |c Aкадемия  |d 2011 
215 |a 364 с. 
225 1 |a Высшее профессиональное образование. Туризм 
320 |a Библиогр.: с. 361. 
330 |a В учебнике определяется статус туристских формальностей и их роль в организации туристического бизнеса; разграничиваются туристские формальности туриста и туристической фирмы; представлены основные юридические и нормативные параметры, формирующие зону действия тех или иных формальностей. В книге подробно рассмотрены формальности, связанные с ответственностью турфирм перед клиентом (паспортные, визовые, валютные, таможенные). Отдельно освещены медико-санитарные правила, а также некоторые вопросы, связанные с провозом представителей флоры и фауны. Даны подробные характеристики туристских формальностей ряда стран. Для студентов вузов, может быть также рекомендован учащимся средних специальных учебных заведений, практическим работникам туристических фирм. 
451 1 |0 (RuTPU)RU\TPU\book\112731  |y 5-7695-2903-2  |t Туристские формальности  |o учебное пособие для вузов  |f А. П. Бгатов, Т. В. Бойко, М. В. Зубарева  |e 2-е изд., испр.  |c М.  |n Aкадемия  |d 2006  |p 298 с.  |s Высшее профессиональное образование. Туризм  |a Бгатов, Андрей Петрович 
606 1 |a Туризм  |x Экономика  |2 stltpush  |3 (RuTPU)RU\TPU\subj\53770  |9 71935 
610 1 |a экономика 
610 1 |a туристическая деятельность 
610 1 |a туристические формальности 
610 1 |a туристические организации 
610 1 |a туристические предприятия 
610 1 |a паспорт 
610 1 |a паспортно-визовые службы 
610 1 |a паспортные формальности 
610 1 |a визовые формальности 
610 1 |a визы 
610 1 |a таможенно-тарифное регулирование 
610 1 |a медицинские формальности 
610 1 |a культурные ценности 
610 1 |a страны мира 
610 1 |a учебные пособия 
686 |a У9(2)43я73  |v LBC/SL-A  |2 rubbk 
700 1 |a Бгатов  |b А. П.  |g Андрей Петрович 
801 1 |a RU  |b 63413507  |c 20110831 
801 2 |a RU  |b 63413507  |c 20121219  |g RCR 
900 |a Туристские формальности 
942 |c BK 
959 |a 71/20110830  |d 1  |e 422,20  |f ЧЗГЛ:1